| 000 | 00345nam a2200145Ia 4500 | ||
|---|---|---|---|
| 005 | 20251222153539.0 | ||
| 008 | 251222s9999||||xx |||||||||||||| ||spa|| | ||
| 020 | _a9789873000270 | ||
| 082 | _a343.46/L89 | ||
| 100 | _aLorenzetti, Ricardo Luis | ||
| 245 | 0 | _aConsumidores: | |
| 250 | _a2da.ed. | ||
| 264 | _bRubinzal - Culzoni | ||
| 942 | _cLIB | ||
| 999 |
_c30387 _d30387 |
||